KOHA-Header-6

Pakistan Main Aala Talim : Mazi, Haal aur Mustakbil (Record no. 9660)

000 -LEADER
fixed length control field 00297nam a2200109Ia 4500
100 ## - MAIN ENTRY--AUTHOR NAME
Personal name Captain Usman Ali Isani
245 #0 - TITLE STATEMENT
Title Pakistan Main Aala Talim : Mazi, Haal aur Mustakbil
260 ## - PUBLICATION, DISTRIBUTION, ETC. (IMPRINT)
Place of publication Karachi
Name of publisher Prince Book
Year of publication 2004
300 ## - PHYSICAL DESCRIPTION
Number of Pages 597
942 ## - ADDED ENTRY ELEMENTS (KOHA)
Koha item type Books
Holdings
Withdrawn status Lost status Collection code Permanent Location Current Location Shelving location Date acquired Full call number Accession Number Koha item type
    Urdu Literature MAJU MAJU   2019-09-14 370.95 5552 Urdu Literature

Powered by Koha